| 000 | 01204amm a2200373 4500 | ||
|---|---|---|---|
| 008 | 190530s2019 o | cat d | ||
| 041 | _acat | ||
| 041 | _beng | ||
| 041 | _bfre | ||
| 041 | _bspa | ||
| 080 | _a331.106.25(038) | ||
| 110 |
_aTERMCAT _960609 |
||
| 245 |
_aDiccionari de la negociació col·lectiva _h[en línia] _cGeneralitat de Catalunya. Departament de Treball, Benestar Social i Família; TERMCAT, Centre de Terminologia |
||
| 250 | _a2a ed. | ||
| 260 |
_aBarcelona _bTERMCAT, Centre de Terminologia _c2019 |
||
| 490 | _aDiccionaris en Línia | ||
| 500 | _aBibliografia | ||
| 500 | _aCategoria gramatical, sinònims, remissions, notes | ||
| 500 | _btermcat | ||
| 520 | _aaprox. 1.000 | ||
| 546 | _acatalà | ||
| 591 | _aNEGCOL2-E | ||
| 592 | _aObra terminològica | ||
| 593 | _aNPE | ||
| 650 |
_aconvenis col·lectius _965322 |
||
| 650 |
_atreball _960859 |
||
| 710 |
_aCatalunya. Generalitat. Departament de Treball _967722 |
||
| 830 |
_aDiccionaris en Línia _974364 |
||
| 856 | _uhttps://www.termcat.cat/ca/diccionaris-en-linia/5 | ||
| 901 | _ccop. <2019> | ||
| 902 | _a190530 | ||
| 942 |
_cMO _n0 _2ddc |
||
| 999 |
_c68586 _d68586 |
||